A GUIDE to the cultivation of rattan

Bibliographic Details
Corporate Author: Institut Penyelidikan Perhutanan Malaysia (FRIM)
Other Authors: DRANSFIELD, Manokaran, Wan Razali Wan Mohd
Format: Book
Published: Kuala Lumpur : Institut Penyelidikan Perhutanan Malaysia , 1992
Series:Malayan forest record; n. 35
Subjects:

MARC

LEADER 00000cam a2200000 7i4500
001 0000000414
005 20020717.0
020 0 0 |a 9839595106 
090 0 0 |a R631.531   |b GUI 1992 
245 0 0 |a A GUIDE to the cultivation of rattan   |c editors Wan Razali Wan Mohd., J. Dransfield, N. Manokaran 
260 0 0 |a Kuala Lumpur :   |b Institut Penyelidikan Perhutanan Malaysia ,   |c 1992 
300 |a 293 p. :   |b col. ill. ;   |c 25 cm. 
440 0 0 |a Malayan forest record; n. 35 
500 0 0 |a Bibliography: [p. 267-277] and index 
650 0 0 |a Plants   |x Cultivated 
650 0 0 |a Rattan 
700 0 1 |a DRANSFIELD   |h John 
700 0 1 |a Manokaran   |h N. 
700 0 1 |a Wan Razali Wan Mohd. 
710 1 1 |a Institut Penyelidikan Perhutanan Malaysia (FRIM) 
998 |a JPSM 
999 |a 0000000125   |b Monograph   |c Open Shelf   |e Default branch 
999 |a 0000000126   |b Monograph   |c Reference   |e Default branch 
999 |a 0000001881   |b Monograph   |c Open Shelf   |e Default branch